Windows forensic analysis toolkit : advanced analysis techniques for Windows 8 (4th edition) (Record no. 83136)

MARC details
000 -LEADER
fixed length control field 02757nam a2200313 a 4500
008 - FIXED-LENGTH DATA ELEMENTS--GENERAL INFORMATION
fixed length control field 190520s2014 ||||||||||||||||| || u
010 ## - LIBRARY OF CONGRESS CONTROL NUMBER
LC control number 2014003508
020 ## - INTERNATIONAL STANDARD BOOK NUMBER
International Standard Book Number 9780124171572 (paperback)
050 ## - LIBRARY OF CONGRESS CALL NUMBER
Classification number HV 8079.C65 Car
100 ## - MAIN ENTRY--PERSONAL NAME
Personal name Carvey, Harlan
245 10 - TITLE STATEMENT
Title Windows forensic analysis toolkit : advanced analysis techniques for Windows 8 (4th edition)
Statement of responsibility, etc. Harlan Carvey
250 ## - EDITION STATEMENT
Edition statement Fourth edition
260 ## - PUBLICATION, DISTRIBUTION, ETC.
Place of publication, distribution, etc. Amsterdam ; Boston
Name of publisher, distributor, etc. Syngress
Date of publication, distribution, etc. 2014
260 ## - PUBLICATION, DISTRIBUTION, ETC.
Place of publication, distribution, etc. Amsterdam ; Boston
Name of publisher, distributor, etc. Elsevier
Date of publication, distribution, etc. 2014
300 ## - PHYSICAL DESCRIPTION
Extent xxi, 321 pages
338 ## -
-- volume
-- rdacarrier
500 ## - GENERAL NOTE
General note Revised edition of the author's Windows forensic analysis toolkit : advanced analysis techniques for Windows 7, 3rd ed. Includes index.
505 ## -
-- Machine generated contents note: Analysis Concepts Immediate Response Volume Shadow Copies File Analysis Registry Analysis Malware Detection Timeline Analysis Application Analysis Reporting .
520 ## -
-- "When I sat down to update the material for this edition, I wanted to not only include new information that I'd found or developed since the third edition was published, but I also wanted to try to include as much information as possible regarding Windows 8 and 8.1. With Windows 8.1 becoming available while I was updating the book, the inevitable questions were being asked, and invariably it won't be long before we start seeing the systems appear on analyst's workbenches. As such, I've tried to provide as much information as I could with respect to newer versions of Windows (i.e., 8 and 8.1), either by writing it directly into the book or linking to the sources of information on the Internet, when attempting to summarize it would simply not do the content justice. Keep in mind, however, that new information is being discovered and developed all the time, and at some point, I needed to stop writing and submit the book for final review and publishing. I'm sure that even more information will become available during the time between when the book goes to the printer, and when it actually comes out on the shelves at bookstores"-- Provided by publisher.
650 #0 - SUBJECT ADDED ENTRY--TOPICAL TERM
Topical term or geographic name entry element COMPUTER SECURITY
650 ## - SUBJECT ADDED ENTRY--TOPICAL TERM
Topical term or geographic name entry element MICROSOFT WINDOWS (COMPUTER FILE)--SECURITY MEASURES
650 #0 - SUBJECT ADDED ENTRY--TOPICAL TERM
Topical term or geographic name entry element INTERNET-SECURITY MEASURES
650 #0 - SUBJECT ADDED ENTRY--TOPICAL TERM
Topical term or geographic name entry element COMPUTER NETWORKS--SECURITY MEASURES
995 ## -
-- MAIN LIBRARY OPEN ACCESS
-- 58.56
-- 749053
-- CBU-MAIN LIBRARY (Kitwe)
-- 58.56
-- HV 8079.C65 Car
-- 2
-- AVAILABLE
-- May 20, 2019
-- 749053
-- Main Library Open Access Collection
995 ## -
-- MAIN LIBRARY OPEN ACCESS
-- 58.56
-- 749052
-- CBU-MAIN LIBRARY (Kitwe)
-- 58.56
-- HV 8079.C65 Car
-- 1
-- AVAILABLE
-- May 20, 2019
-- 749052
-- Main Library Open Access Collection
999 ## -
-- 83136
-- 83136
Holdings
Withdrawn status Lost status Source of classification or shelving scheme Damaged status Not for loan Permanent Location Current Location Shelving location Date acquired Total Checkouts Full call number Barcode Date last seen Copy number Price effective from Koha item type
          CBU-MAIN LIBRARY, KITWE. CBU-MAIN LIBRARY, KITWE.   10/25/2023   HV 8079.C65 Car 749053 10/25/2023 1 10/25/2023 MONOGRAPH
          CBU-MAIN LIBRARY, KITWE. CBU-MAIN LIBRARY, KITWE.   10/25/2023   HV 8079.C65 Car 749052 10/25/2023 2 10/25/2023 MONOGRAPH